[Event "Begonia op 53rd"]
[Site "Ballarat"]
[Date "2019.03.10"]
[Round "4"]
[White "Nemeth, John"]
[Black "Ly, Moulthun"]
[Result "1/2-1/2"]
[WhiteElo "2147"]
[BlackElo "2486"]
[PlyCount "63"]
[EventDate "2019.03.09"]
[EventType "swiss"]
[EventRounds "7"]
[EventCountry "AUS"]
[SourceTitle "CBM 189 Extra"]
[Source "ChessBase"]
[SourceDate "2019.06.03"]
[SourceVersion "1"]
[SourceVersionDate "2019.06.03"]
[SourceQuality "1"]

1. e4 c5 2. Nf3 e6 3. d4 cxd4 4. Nxd4 Nc6 5. Nc3 Qc7 6. Be3 a6 7. Nxc6 bxc6 8. Bd3 Nf6 9. 0-0 Bb7 10. f4 d6 11. Qe2 c5 12. f5 exf5 13. Nd5 Nxd5 14. exd5 Be7 15. Rxf5 g6 16. Rf2 Bxd5 17. Bxa6 0-0 18. Bc4 Be6 19. Bh6 d5 20. Bxf8 Rxf8 21. Bb5 c4 22. Kh1 Bd6 23. Raf1 Rb8 24. a4 Bxh2 25. Rf6 Be5 26. Rxe6 fxe6 27. Re1 Bxb2 28. Qxe6+ Kh8 29. Rf1 Qg7 30. g3 Rf8 31. Rxf8+ Qxf8 32. Qe8 1/2-1/2

[Event "Begonia op 52nd"]
[Site "Ballarat"]
[Date "2018.03.11"]
[Round "4"]
[White "Nemeth, John"]
[Black "Chiverton, Fergus"]
[Result "1-0"]
[WhiteElo "2159"]
[BlackElo "1226"]
[PlyCount "65"]
[EventDate "2018.03.10"]
[EventType "swiss"]
[EventRounds "7"]
[EventCountry "AUS"]
[SourceTitle "EXT 2019"]
[Source "ChessBase"]
[SourceDate "2018.10.10"]
[SourceVersion "1"]
[SourceVersionDate "2018.10.10"]
[SourceQuality "1"]

1. Nf3 d5 2. g3 Nf6 3. Bg2 e6 4. b3 Be7 5. Bb2 0-0 6. c4 c6 7. 0-0 Nbd7 8. Qc2 b5 9. d3 bxc4 10. bxc4 Nb6 11. Nbd2 Ba6 12. Rac1 Rb8 13. Rfd1 Qc8 14. Ne5 Nbd7 15. cxd5 cxd5 16. Nc6 Qe8 17. Nxb8 Qxb8 18. Rb1 Qd6 19. Rdc1 Rc8 20. Qa4 Nc5 21. Rxc5 Qxc5 22. Qxa6 Ng4 23. d4 Qc6 24. Qxc6 Rxc6 25. Rc1 Ra6 26. Rc8+ Bf8 27. Bc3 Ra4 28. a3 a5 29. Nb3 g6 30. Nc5 Rc4 31. Bxa5 Kg7 32. Bf3 Rxd4 33. Bc3 1-0

[Event "Begonia op 52nd"]
[Site "Ballarat"]
[Date "2018.03.11"]
[Round "5"]
[White "Nemeth, John"]
[Black "Wallis, Christopher"]
[Result "1/2-1/2"]
[WhiteElo "2159"]
[BlackElo "2318"]
[PlyCount "89"]
[EventDate "2018.03.10"]
[EventType "swiss"]
[EventRounds "7"]
[EventCountry "AUS"]
[SourceTitle "CBM 183 Extra"]
[Source "ChessBase"]
[SourceDate "2018.04.19"]
[SourceVersion "1"]
[SourceVersionDate "2018.04.19"]
[SourceQuality "1"]

1. Nf3 d5 2. g3 c6 3. Bg2 Bg4 4. 0-0 e6 5. b3 Nd7 6. Bb2 Ngf6 7. c4 h6 8. d3 Bd6 9. h3 Bxf3 10. exf3 g5 11. cxd5 cxd5 12. Nc3 Qb6 13. Rc1 0-0 14. Ne2 Qa6 15. Rc2 Rfc8 16. Qc1 Rxc2 17. Qxc2 Be5 18. Bc1 Qc6 19. Qd2 Nh7 20. f4 Bf6 21. Bb2 Bxb2 22. Qxb2 Qa6 23. d4 Rc8 24. fxg5 hxg5 25. Rc1 Rxc1+ 26. Nxc1 Kg7 27. Bf1 Qa5 28. Nd3 Nhf6 29. b4 Qc7 30. Qd2 Ne4 31. Qe3 Nb6 32. Nc5 Qe7 33. Nxe4 dxe4 34. Qxe4 Qxb4 35. Qxb7 Qa3 36. Qe4 Qxa2 37. Qe5+ f6 38. Qc7+ Kf8 39. Qd8+ Kf7 40. Qc7+ Kf8 41. Qc5+ Kf7 42. Bd3 Qd5 43. Qc7+ Qd7 44. Qb8 Kg7 45. Be4 1/2-1/2